| 000 | 01010cam a2200277Ia 4500 | ||
|---|---|---|---|
| 001 | 49446 | ||
| 005 | 20230410101711.0 | ||
| 008 | 051109s2000 ht acf 000 0 fre d | ||
| 041 | 1 |
_afre _heng |
|
| 050 | 1 | 4 |
_a110 N 6608 _bC518m 2000 |
| 100 | 1 | _aChenet, Burton. | |
| 245 | 1 | 3 |
_aUn monde á partager / _cBurton Chenet ; Commissariat Gérald Alexis ; Coordination Micáhele Alfred ; Photos Marc Steed. |
| 260 |
_aPort-au-Prince, Haiti : _bBurton Chenet, _c2000? |
||
| 300 |
_a50 p, 10 leaves of plates : _bcol. ill., port ; _c23 cm. |
||
| 500 | _aBook contains a selection of the works of Haitian artist Burton Chenet. | ||
| 504 | _aIncludes bibliographical references (p. 49-50). | ||
| 600 | 1 | 0 |
_aAlexis, Gerald _ecommissary. |
| 600 | 1 | 0 |
_aAlfred, Micáhele _ecoordinator. |
| 600 | 1 | 0 |
_aSteed, Marc _ephotographer. |
| 650 | 0 |
_aArt _zHaitian _vCatalogs. |
|
| 650 | 0 |
_aArt _zHaitian _y20th century. |
|
| 650 | 4 | _aCEH | |
| 650 | 4 | _aColección Estudios Haitianos | |
| 942 |
_2lcc _cbk |
||
| 994 |
_aC0 _bDRFGD |
||
| 999 |
_c12334 _d12334 |
||